Billy Joel Lyrics Quiz (Part 86) - Statistics

General Stats
  • This quiz has been taken 27 times
  • The average score is 104 of 176
Answer Stats
Answer % Correct
a
100%
I
100%
the
100%
they
100%
They
100%
to
100%
be
90%
In
90%
it
90%
me
90%
we
90%
what
90%
why
90%
Why
90%
you
90%
can
85%
do
85%
For
85%
go
85%
hear
85%
I’m
85%
say
85%
them
85%
where
85%
can’t
80%
know
80%
on
80%
are
75%
don’t
75%
how
75%
of
75%
that
75%
That
75%
There
75%
won’t
75%
have
65%
I’ll
65%
us
65%
will
65%
All
60%
all
60%
never
60%
said
60%
at
55%
been
55%
Ever
55%
Going
55%
some
55%
you’ve
55%
about
50%
Every
50%
tell
50%
down
45%
even
45%
might
45%
people
45%
something
45%
They’ve
45%
alone
40%
around
40%
bad
40%
heard
40%
leave
40%
Let
40%
That’s
40%
things
40%
doing
35%
Find
35%
make
35%
talk
35%
word
35%
wrong
35%
believe
30%
better
30%
came
30%
heat
30%
secrets
30%
telling
30%
Telling
30%
Careless
25%
difference
25%
Everybody’s
25%
moment
25%
since
25%
talking
25%
aware
20%
conversation
20%
else
20%
fall
20%
lies
20%
making
20%
nobody
20%
passionate
20%
phone
20%
putting
20%
ears
15%
Follows
15%
intimate
15%
shadows
15%
stand
15%
terrible
15%
wherever
15%
street
10%
shared
5%
Jealous
0%
No matching quizzes found
Score Distribution
Percent of People with Each Score
Percentile by Number Answered
Your Score History
You have not taken this quiz